000 00727nam a2200217 i 4500
001 21405
003 ES-MaACL
005 20251002200810.0
007 t|
008 021125s1968 sp ||||1| spa d
245 0 4 _aLos albores de la España fernandina /
_cedición y prólogo de Ricardo Blasco.
260 _aMadrid :
_bTaurus,
_c1968.
300 _a174 p. ;
_c18 cm.
490 1 _aTemas de España ;
_v78
651 4 _aEspaña-
_xHistoria-
_y1808-1814, Guerra de la Independencia
_98244
651 4 _aEspaña-
_xHistoria-
_y1814-1833, Fernando VII
_98248
700 1 _aBlasco, Ricardo,
_d1921-1994
_9160197
830 0 _aTemas de España ;
_v78
_9180759
852 _aES-MaACL
_jA-8226
_bR.97394
999 _c21405
_d21405